Central Library OPAC University of Rajshahi

Beyond the nation-state : (Record no. 2337)

MARC details
000 -LEADER
fixed length control field 00858cam a22002771a 4500
001 - CONTROL NUMBER
control field 2337
003 - CONTROL NUMBER IDENTIFIER
rucl marc code BD-RjUL
005 - DATE AND TIME OF LATEST TRANSACTION
control field 20211208233528.0
008 - FIXED-LENGTH DATA ELEMENTS--GENERAL INFORMATION
fixed length control field 131211s1964 cau b 001 0 eng
020 ## - INTERNATIONAL STANDARD BOOK NUMBER
International Standard Book Number 0804701873
035 ## - SYSTEM CONTROL NUMBER
System control number (BD-RjUL)2364
System control number (OCoLC)268969
040 ## - CATALOGING SOURCE
Original cataloging agency DLC
Transcribing agency ODaWU
Modifying agency OCoLC
-- MoSU-L
-- OCoLC
-- INS
-- DLC
Language of cataloging eng
041 ## - LANGUAGE CODE
Language code of text/sound track or separate title eng
082 ## - DEWEY DECIMAL CLASSIFICATION NUMBER
Classification number 341.11
Edition number 16
Author mark and year HAB 1968
100 1# - MAIN ENTRY--PERSONAL NAME
Personal name Haas, Ernst B.
9 (RLIN) 7535
245 10 - TITLE STATEMENT
Title Beyond the nation-state :
Remainder of title functionalism and international organization /
Statement of responsibility, etc. Ernst B. Haas.
260 ## - PUBLICATION, DISTRIBUTION, ETC. (IMPRINT)
Place of publication, distribution, etc. Stanford, Calif. :
Name of publisher, distributor, etc. Stanford University Press,
Date of publication, distribution, etc. c1964.
300 ## - PHYSICAL DESCRIPTION
Pagination x, 595 p. ;
Size 24 cm.
504 ## - BIBLIOGRAPHY, ETC. NOTE
Bibliography, etc Includes bibliographical references and index.
526 ## - STUDY PROGRAM INFORMATION NOTE
Requested Dept. ECONOMICS
610 20 - SUBJECT ADDED ENTRY--CORPORATE NAME
Corporate name or jurisdiction name as entry element International Labour Organisation.
942 ## - ADDED ENTRY ELEMENTS (KOHA)
Source of classification or shelving scheme Dewey Decimal Classification
Koha item type Books
Holdings
Lost status Source of classification or shelving scheme Damaged status Not for loan Collection code Permanent Location Current Location Shelving location Date acquired Source of acquisition Cost, normal purchase price Total Checkouts Full call number Date last seen Copy number Koha item type
  Dewey Decimal Classification     Non-fiction Central Library, University of Rajshahi Central Library, University of Rajshahi   22/06/1970 Zitlinger 36.00   341.11 HAB 1968 11/12/2013 C-3 Books